Statistics for Major 2020 Presidential Candidates #1

Click here to take the quiz!

General Stats

  • This quiz has been taken 758 times
  • The average score is 12 of 24

Answer Stats

PartyOfficeCandidates% Correct
RPresidential IncumbentDonald Trump
94%
DFormer VPJoe Biden
94%
DVT SenatorBernie Sanders
93%
DMA SenatorElizabeth Warren
80%
DSouth Bend, IN, MayorPete Buttigieg
77%
DCA SenatorKamala Harris
76%
DTech ExecutiveAndrew Yang
69%
DNJ SenatorCory Booker
58%
DMN SenatorAmy Klobuchar
57%
DHI CongresswomanTulsi Gabbard
55%
DTX CongressmanBeto O'Rourke
54%
DNew York City, NY, MayorBill de Blasio
50%
DFormer Sec. HUDJulian Castro
44%
DAuthor, New Age LecturerMarianne Williamson
40%
DBillionaire HedgefundTom Steyer
39%
RMA GovernorBill Weld
31%
DCO SenatorMichael Bennet
30%
DMD CongressmanJohn Delaney
26%
DMT GovernorSteve Bullock
26%
DOH CongressmanTim Ryan
25%
RIL CongressmanJoe Walsh
21%
DMiramar, FL, MayorWayne Messam
17%
DVice Admiral of US NavyJoe Sestak
14%
RSC CongressmanMark Sanford
14%

Score Distribution

Percentile by Number Answered

Percent of People with Each Score

Your Score History

You have not taken this quiz